000 00401pab a2200157 454500
008 180718b2017 xxu||||| |||| 00| 0 eng d
100 _aMcCarter, Susan
245 _aThe school-to-prison pipeline: a primer for social workers
260 _c2017
300 _ap.53-61.
362 _aJan
650 _aSocial workers
650 _aJuvenile delinquency
773 _aSocial Work
909 _a114493
999 _c114487
_d114487